Normal view
MARC view
- IT Dansa Jove Companyia
Entry Nom corporatiu
001 - NÚMERO DE CONTROL
- campo de control: 165675
003 - IDENTIFICADOR DEL NÚMERO DE CONTROL
- campo de control: ES-BaIT
005 - FECHA Y HORA DE LA ÚLTIMA TRANSACCIÓN
- campo de control: 20250430100531.0
008 - DATOS DE LONGITUD FIJA
- campo de control de longitud fija: 250430|| aca||aabn | a|a d
040 ## - FUENTE DE LA CATALOGACIÓN
- Centro catalogador/agencia de origen: ES-BaIT
110 2# - ENCABEZAMIENTO-NOMBRE DE ENTIDAD CORPORATIVA
- Nombre de entidad corporativa o nombre de jurisdicción como elemento de entrada: IT Dansa Jove Companyia
- Subdivisión general: Exposicions


